Japan opens up its market
Uloženo v:
| Hlavní autor: | |
|---|---|
| Médium: | Kniha |
| Jazyk: | Undetermined |
| Vydáno: |
Tokyo
Foreign Press Center
1982
|
| Témata: | |
| Tagy: |
Přidat tag
Žádné tagy, Buďte první, kdo otaguje tento záznam!
|
| Thư viện lưu trữ: | Trung tâm Học liệu Trường Đại học Cần Thơ |
|---|
| LEADER | 00460nam a2200169Ia 4500 | ||
|---|---|---|---|
| 001 | CTU_79396 | ||
| 008 | 210402s9999 xx 000 0 und d | ||
| 082 | |a 380.1 | ||
| 082 | |b J35/Ser.10 | ||
| 100 | |a Yoshihiro, Saski | ||
| 245 | 0 | |a Japan opens up its market | |
| 245 | 0 | |c Yoshihiro Saski | |
| 260 | |a Tokyo | ||
| 260 | |b Foreign Press Center | ||
| 260 | |c 1982 | ||
| 650 | |a Market analysis reports | ||
| 980 | |a Trung tâm Học liệu Trường Đại học Cần Thơ | ||